Online
Catalog

Máximas y aforismos de Juan Bosch / (Record no. 50411)

MARC details
000 -CABECERA
campo de control de longitud fija 00899nam a22002777a 4500
003 - IDENTIFICADOR DEL NÚMERO DE CONTROL
campo de control DO-SdBNP
005 - FECHA Y HORA DE LA ÚLTIMA TRANSACCIÓN
campo de control 20260321073644.0
007 - CAMPO FIJO DE DESCRIPCIÓN FÍSICA--INFORMACIÓN GENERAL
campo de control de longitud fija ta
008 - DATOS DE LONGITUD FIJA--INFORMACIÓN GENERAL
campo de control de longitud fija 210903e2018 dr a|||er|||| 001 e spa d
020 ## - NÚMERO INTERNACIONAL ESTÁNDAR DEL LIBRO
Número Internacional Estándar del Libro 9789945091359
040 ## - FUENTE DE LA CATALOGACIÓN
Centro catalogador/agencia de origen DO-SdBNP
Lengua de catalogación spa
Centro/agencia transcriptor BNPHU
082 #4 - NÚMERO DE LA CLASIFICACIÓN DECIMAL DEWEY
Número de edición 22
Número de clasificación 398.961
Número de documento/Ítem J36m, 2018
100 1# - ENTRADA PRINCIPAL--NOMBRE DE PERSONA
Nombre de persona Jáquez Gil, René,
Fechas asociadas al nombre 1950-
9 (RLIN) 19071
245 10 - MENCIÓN DE TÍTULO
Título Máximas y aforismos de Juan Bosch /
Mención de responsabilidad, etc. René Jáquez Gil; Dionicio Peña, il.
250 ## - MENCIÓN DE EDICIÓN
Mención de edición 2da. ampliada
260 ## - PUBLICACIÓN, DISTRIBUCIÓN, ETC.
Lugar de publicación, distribución, etc. Santo Domingo :
Nombre del editor, distribuidor, etc. V Torres Corporán,
Fecha de publicación, distribución, etc. 2018
300 ## - DESCRIPCIÓN FÍSICA
Extensión 197 p.:
Otras características físicas il.;
Dimensiones cm
500 ## - NOTA GENERAL
Nota general Incluye biografias en las cubiertas.
504 ## - NOTA DE BIBLIOGRAFÍA, ETC.
Nota de bibliografía, etc. Bibliografía: p. 175-197
590 ## - NOTA LOCAL (RLIN)
Nota local Inventariado 2021 / MF
600 10 - PUNTO DE ACCESO ADICIONAL DE MATERIA--NOMBRE DE PERSONA
Nombre de persona Bosch, Juan,
Fechas asociadas al nombre 1909-2001
9 (RLIN) 76555
650 #4 - PUNTO DE ACCESO ADICIONAL DE MATERIA--TÉRMINO DE MATERIA
Término de materia o nombre geográfico como elemento de entrada Máximas
9 (RLIN) 14993
650 #0 - PUNTO DE ACCESO ADICIONAL DE MATERIA--TÉRMINO DE MATERIA
Subdivisión general Aforismos y apotegmas
9 (RLIN) 83268
700 12 - PUNTO DE ACCESO ADICIONAL--NOMBRE DE PERSONA
9 (RLIN) 61959
Nombre de persona Peña, Dionicio de Jesús,
Fechas asociadas al nombre 1954-
Término indicativo de función/relación fotogr.
942 ## - ELEMENTOS DE PUNTO DE ACCESO ADICIONAL (KOHA)
Fuente del sistema de clasificación o colocación Dewey Decimal Classification
Tipo de ítem Koha Folleto
Holdings
Estado de retiro Estado de pérdida Fuente del sistema de clasificación o colocación Restricciones de uso No para préstamo Código de colección Localización permanente Ubicación/localización actual Ubicación en estantería Fecha de adquisición Fuente de adquisición Total de préstamos Signatura topográfica completa Código de barras Fecha visto por última vez Precio válido a partir de Tipo de ítem Koha Número de copia
    Dewey Decimal Classification Préstamo en sala   Dominicana de Servicio Biblioteca Nacional Pedro Henríquez Ureña General Depósito 24.04.2018 Donado por Rafael Cabrera   398.961 J36m, 2018 2021-26089 03.09.2021 03.09.2021 Libro y Folleto Colección Dominicana de Servicio e.3
    Dewey Decimal Classification Excluido de préstamo   Patrimonio Dominicano Biblioteca Nacional Pedro Henríquez Ureña Patrimonio Dominicano Depósito 24.04.2018 Donado por Rafael Cabrera   398.961 J36m, 2018 2021-26086 03.09.2021 03.09.2021 Libro y Folleto Colección Patrimonio Dominicano  
    Dewey Decimal Classification Excluido de préstamo   Patrimonio Dominicano Biblioteca Nacional Pedro Henríquez Ureña Patrimonio Dominicano Depósito 24.04.2018 Donado por Rafael Cabrera   398.961 J36m, 2018 2021-26088 03.09.2021 03.09.2021 Libro y Folleto Colección Patrimonio Dominicano e.2

Powered by Koha